An introduction to quantum optics : (Record no. 16485)

MARC details
000 -LEADER
fixed length control field 01663cam a2200313 i 4500
001 - CONTROL NUMBER
control field 16493925
003 - CONTROL NUMBER IDENTIFIER
control field EG-ScBUE
005 - DATE AND TIME OF LATEST TRANSACTION
control field 20250612132146.0
008 - FIXED-LENGTH DATA ELEMENTS--GENERAL INFORMATION
fixed length control field 101007t2011 flua f b 001 0 eng d
020 ## - INTERNATIONAL STANDARD BOOK NUMBER
International Standard Book Number 0750308877
020 ## - INTERNATIONAL STANDARD BOOK NUMBER
International Standard Book Number 9780750308878
040 ## - CATALOGING SOURCE
Original cataloging agency DLC
Language of cataloging eng
Description conventions rda
Transcribing agency DLC
Modifying agency YDX
-- YDXCP
-- VVC
-- CDX
-- DLC
-- EG-ScBUE
082 04 - DEWEY DECIMAL CLASSIFICATION NUMBER
Classification number 535.15
Edition number 22
Item number SHI
100 1# - MAIN ENTRY--PERSONAL NAME
Personal name Shih, Yanhua,
Relator term author.
9 (RLIN) 28986
245 13 - TITLE STATEMENT
Title An introduction to quantum optics :
Remainder of title photon and biphoton physics /
Statement of responsibility, etc Yanhua Shih, University of Maryland, Baltimore County, USA.
264 #1 - PUBLICATION, DISTRIBUTION, ETC. (IMPRINT)
Place of publication, distribution, etc Boca Raton, FL :
Name of publisher, distributor, etc CRC Press,
Date of publication, distribution, etc [2011]
264 #4 - PUBLICATION, DISTRIBUTION, ETC. (IMPRINT)
Date of publication, distribution, etc c2011
300 ## - PHYSICAL DESCRIPTION
Extent xix, 464 pages :
Other physical details illustrations ;
Dimensions 25 cm.
336 ## - CONTENT TYPE
Source rdacontent
Content type term text
Content type code txt
337 ## - MEDIA TYPE
Media type term unmediated
Source rdamedia
Media type code n
338 ## - CARRIER TYPE
Carrier type term volume
Carrier type code nc
Source rdacarrier
490 0# - SERIES STATEMENT
Series statement Series in optics and optoelectronics
504 ## - BIBLIOGRAPHY, ETC. NOTE
Bibliography, etc Includes bibliographical references and index.
505 2# - FORMATTED CONTENTS NOTE
Formatted contents note Electromagnetic wave theory and measurement of light -- Coherence property of light : the state of the radiation -- Diffraction and propagation -- Optical imaging -- First-order coherence of light -- Second-order coherence of light -- Homodyne detection and heterodyne detection of light -- Quantum theory of light : field quantization and measurement -- Quantum theory of optical coherence -- Quantum entanglement -- Quantum imaging -- Two-photon interferometry--I: biphoton interference -- Two-photon interferometry--II: quantum interference of chaotic-thermal light -- Bell's theorem and Bell's inequality measurement.
650 #7 - SUBJECT ADDED ENTRY--TOPICAL TERM
Topical term or geographic name as entry element Quantum optics.
Source of heading or term BUEsh
9 (RLIN) 28988
653 ## - INDEX TERM--UNCONTROLLED
Arrived date list February2012
655 ## - INDEX TERM--GENRE/FORM
Form subdivision Reading book
942 ## - ADDED ENTRY ELEMENTS (KOHA)
Source of classification or shelving scheme Dewey Decimal Classification
Koha item type Book - Borrowing
Holdings
Withdrawn status Lost status Source of classification or shelving scheme Damaged status Not for loan Collection code Home library Current library Shelving location Date acquired Source of acquisition Cost, normal purchase price Serial Enumeration / chronology Total Checkouts Full call number Barcode Date last seen Price effective from Koha item type
    Dewey Decimal Classification     Alahram Central Library Central Library First floor 19/02/2012   427.00 681   535.15 SHI 000026143 15/07/2025 19/02/2012 Book - Borrowing